000 00586nam a2200205Ia 4500
005 20260429112011.0
008 260429s9999||||xx |||||||||||||| ||und||
020 _a9781032741734
041 _aEnglish
082 _a370.1
_bCAS
100 _aCasey, Zachary A.
245 0 _aCritical pedagogy and the trouble with consciousness raising /
_cZachary A. Casey
250 _a1st ed.
260 _aNew Delhi :
_bRoutledge,
_c2025.
300 _a148 p.; pbk
650 _a Educational philosophy
650 _a Social justice education
650 _aCritical pedagogy
942 _cTB
999 _c51827
_d51827